LEADER 00913nam a2200217 i 4500 001 000000251078 003 CaOOAMICUS 005 20160905000000.0 008 160905s1897 xx u000 u fre u 013 $a229983 040 $aSeMil$bita 100 1 $aGayraud, Hippolyte.$0(OLS)http://semarc/name/12270 245 10$aQuestions du jour politiques, sociales, religieuses, philosophiques /$cAbbé Gayraud. 250 $a2. éd. 260 $aParis :$bBloud & Barral,$c1897. 300 $a421 p. ;$c20 cm. 773 0 $aGayraud, Hippolyte$tThomisme et molinisme.$dToulose : Edouard Privat, 1890-1892.$g1$w()26995 850 $aSeMil 852 $aSeMil$W1$xVenegono$y1$m3M I 56 FA$j201424$B201424$CSeMilBibl$Z2$F213296 $8I 996 $6245$aQuestions du jour politiques, sociales, religieuses, philosophiques$9(OLS)http://semarc/title/353210 996 $6260$aParis :$bBloud & Barral$9(OLS)http://semarc/publisher/33740 LEADER 00733nam a2200193 i 4500 001 000000241846 003 CaOOAMICUS 005 20150519000000.0 008 150519s1847 it u000 u fre u 013 $a220751 040 $aSeMil$bita 245 10$aTemps du Carême. 2. 300 $aXXXVIII, 252 p. 773 0 $aLe Tourneur, Augustin-Jean <1775-1844>$tAnnée du chrétien, ou le chrétien sanctifié par la connaisance de Jésus-Christ.$b2. éd.$dParis : Jacques Lecoffre et C., 1847.$g4$w()31891 850 $aSeMil 852 $aSeMil$W1$xVenegono$y1$m3F I 296 FA$j192192$B192192$CSeMilBibl$Z2$F203003 $8I 941 1 $a10 961 $aRecupero: Mantegazza 996 $6245$aTemps du Carême. 2$9(OLS)http://semarc/title/343655 LEADER 01133nam a2200229 i 4500 001 000000108248 003 CaOOAMICUS 005 20260127162959.0 008 180830s1963 it u000 u lat u 040 $aSeMil$bita 110 2 $aChiesa Cattolica.$0(OLS)http://semarc/name/987 245 10$aCanon missae episcoporum ac praelatorum :$bpontificaliter vel non pontificaliter celebrantium : cui accedunt formulae variae e pontificali romano depromptae et cantus ad libitum. 264 1$aMediolani :$bDaverio,$c[1963?] 300 $a207 p. ;$c31 cm. 650 4$aLibri liturgici - Messale romano - Canone.$0(OLS)http://semarc/subject/59243 850 $aSeMil 852 $aSeMil$W1$xVenegono$y1$m3KK VII 23$j266694$B245532$CSeMilBibl$Z2$F245532 $8I 910 2 $aSanta Sede. 996 $6245$aCanon missae episcoporum ac praelatorum :$bpontificaliter vel non pontificaliter celebrantium : cui accedunt formulae variae e pontificali romano depromptae et cantus ad libitum$9(OLS)http://semarc/title/156923 996 $6264$aMediolani :$bDaverio$9(OLS)http://semarc/publisher/34805